Influence of human resource development programme on the job performance of employee with special reference to campco ltd. Mangalore / (Record no. 230814)
[ view plain ]
| 000 -LEADER | |
|---|---|
| fixed length control field | 00613nam a22001577a 4500 |
| 003 - CONTROL NUMBER IDENTIFIER | |
| control field | OSt |
| 005 - DATE AND TIME OF LATEST TRANSACTION | |
| control field | 20240528164002.0 |
| 008 - FIXED-LENGTH DATA ELEMENTS--GENERAL INFORMATION | |
| fixed length control field | 240516b ||||| |||| 00| 0 eng d |
| 040 ## - CATALOGING SOURCE | |
| Transcribing agency | AIMIT LIBRARY |
| 100 ## - MAIN ENTRY--PERSONAL NAME | |
| Personal name | Raghu, Abhishek. |
| Relator term | 2016003 |
| 9 (RLIN) | 164913 |
| 245 ## - TITLE STATEMENT | |
| Title | Influence of human resource development programme on the job performance of employee with special reference to campco ltd. Mangalore / |
| Statement of responsibility, etc. | By Abhishek Raghu ; Guided by Beena Dias. |
| 650 ## - SUBJECT ADDED ENTRY--TOPICAL TERM | |
| Topical term or geographic name entry element | human resource development programme. |
| 9 (RLIN) | 168292 |
| 650 ## - SUBJECT ADDED ENTRY--TOPICAL TERM | |
| Topical term or geographic name entry element | Job performance of employee. |
| 9 (RLIN) | 168293 |
| 700 ## - ADDED ENTRY--PERSONAL NAME | |
| Personal name | Dias, Beena. |
| Relator term | Guide |
| 9 (RLIN) | 164914 |
| 942 ## - ADDED ENTRY ELEMENTS (KOHA) | |
| Source of classification or shelving scheme | Dewey Decimal Classification |
| Koha item type | Project Report |
| Withdrawn status | Lost status | Source of classification or shelving scheme | Damaged status | Not for loan | Collection code | Home library | Current library | Shelving location | Date acquired | Total Checkouts | Barcode | Date last seen | Copy number | Price effective from | Koha item type |
|---|---|---|---|---|---|---|---|---|---|---|---|---|---|---|---|
| Dewey Decimal Classification | Not for loan | Project Report MBA | St Aloysius Institute of Management & Information Technology | St Aloysius Institute of Management & Information Technology | Dissertations | 05/16/2024 | PRB01860 | 05/16/2024 | 2016003 | 05/16/2024 | Project Report |